[Event "Levitov Chess Week Rapid"]
[Site "Amsterdam NED"]
[Date "2019.08.04"]
[Round "1.1"]
[White "Svidler, Peter"]
[Black "Gelfand, Boris"]
[Result "0-1"]
[WhiteTitle "GM"]
[BlackTitle "GM"]
[WhiteElo "2729"]
[BlackElo "2686"]
[WhiteFideId "4102142"]
[BlackFideId "2805677"]
[EventDate "2019.08.04"]

1. c4 c5 2. g3 g6 3. Bg2 Bg7 4. Nc3 Nc6 5. b3 Nf6 6. Bb2 O-O 7. e3 Nb4 8. d3 d5
9. a3 Nc6 10. Nge2 dxc4 11. bxc4 Ne5 12. Nc1 Bg4 13. f3 Be6 14. Qe2 Qd7 15. Nd1
Nc6 16. Nf2 b5 17. cxb5 Na5 18. a4 a6 19. f4 Bd5 20. e4 Bb7 21. bxa6 Bxa6 22.
O-O Rab8 23. Bc3 Nc6 24. Rd1 Rfd8 25. Qd2 Qa7 26. h3 e5 27. f5 c4 28. fxg6 hxg6
29. Kh2 Rd6 30. Qe2 Nd4 31. Bxd4 Rxd4 32. Qe3 cxd3 33. Ncxd3 Rb3 34. Rab1 Qb8
35. Nxe5 Rxb1 36. Qxd4 Rxd1 37. Nxd1 Nh5 0-1

[Event "Levitov Chess Week Rapid"]
[Site "Amsterdam NED"]
[Date "2019.08.04"]
[Round "1.2"]
[White "Grischuk, Alexander"]
[Black "Nepomniachtchi, Ian"]
[Result "0-1"]
[WhiteTitle "GM"]
[BlackTitle "GM"]
[WhiteElo "2759"]
[BlackElo "2774"]
[WhiteFideId "4126025"]
[BlackFideId "4168119"]
[EventDate "2019.08.04"]

1. d4 Nf6 2. c4 g6 3. h4 Bg7 4. Nc3 d5 5. h5 Nxh5 6. cxd5 e6 7. dxe6 Bxe6 8. Nf3
Nc6 9. e3 Qe7 10. Be2 O-O 11. a3 Rad8 12. Qc2 Rfe8 13. Bd2 Na5 14. b4 Nb3 15.
Rb1 Nxd2 16. Qxd2 Nf6 17. g3 Ng4 18. Nh2 Nh6 19. Nf3 Nf5 20. Kf1 h5 21. Bd3 Bh6
22. Re1 Nxd4 23. Nxd4 Rxd4 24. Qc2 Rd6 25. Nb5 Rc6 26. Qb1 Bg4 27. Be2 Bxe2+ 28.
Rxe2 Bg7 29. Rd2 Rb6 30. Qd3 a6 31. Nd4 Bxd4 32. Qxd4 Rd6 33. Qb2 Red8 34. Rxd6
Rxd6 35. Rh4 Qd7 36. Ke2 Qb5+ 37. Kf3 Qc6+ 38. Ke2 Qb5+ 39. Kf3 Qd5+ 40. e4 Qc4
41. Kg2 Rd1 0-1

[Event "Levitov Chess Week Rapid"]
[Site "Amsterdam NED"]
[Date "2019.08.04"]
[Round "1.3"]
[White "Anand, Viswanathan"]
[Black "Giri, Anish"]
[Result "1/2-1/2"]
[WhiteTitle "GM"]
[BlackTitle "GM"]
[WhiteElo "2756"]
[BlackElo "2779"]
[WhiteFideId "5000017"]
[BlackFideId "24116068"]
[EventDate "2019.08.04"]

1. e4 e5 2. Nf3 Nc6 3. Bb5 Nf6 4. d3 Bc5 5. Bxc6 dxc6 6. Nbd2 Be6 7. O-O Nd7 8.
Nb3 Bb6 9. Ng5 Bxb3 10. axb3 f6 11. Nf3 Nf8 12. Nd2 Qd7 13. Nc4 Ne6 14. Kh1 O-O
15. g3 a6 16. f3 Rad8 17. Qe2 Bd4 18. Qg2 Qe7 19. Bd2 Kh8 20. f4 exf4 21. gxf4
f5 22. c3 Bf6 23. e5 Bh4 24. d4 g5 25. fxg5 Bxg5 26. b4 f4 27. Be1 f3 28. Rxf3
Rxf3 29. Qxf3 Rf8 30. Qh3 Nf4 31. Qg4 Qd8 32. Qf3 Nd5 33. Qg2 Nf4 34. Qe4 Nh3
35. Bg3 Bf4 36. Qg2 Bxg3 37. Qxh3 Qd5+ 38. Qg2 Rf2 39. Qxd5 Rxh2+ 40. Kg1 cxd5
41. Ne3 Rxb2 42. Rf1 Re2 43. Nxd5 c6 44. Ne7 Bh2+ 45. Kh1 Bxe5 46. dxe5 Rxe5 47.
Rf7 c5 48. Nf5 Kg8 49. Nh6+ Kh8 50. Ng4 Rh5+ 51. Kg2 Rg5 52. Kf3 Rg7 53. Rf8+
Rg8 54. Rf6 cxb4 55. cxb4 Rg6 56. Rxg6 hxg6 57. Ne5 Kg7 58. Nd7 Kf7 59. Nc5 Ke7
60. Nxb7 Kd7 61. Na5 g5 62. Kg4 Kc7 1/2-1/2

[Event "Levitov Chess Week Rapid"]
[Site "Amsterdam NED"]
[Date "2019.08.04"]
[Round "2.1"]
[White "Nepomniachtchi, Ian"]
[Black "Svidler, Peter"]
[Result "1/2-1/2"]
[WhiteTitle "GM"]
[BlackTitle "GM"]
[WhiteElo "2774"]
[BlackElo "2729"]
[WhiteFideId "4168119"]
[BlackFideId "4102142"]
[EventDate "2019.08.04"]

1. Nf3 Nf6 2. c4 g6 3. Nc3 d5 4. cxd5 Nxd5 5. Qc2 Nc6 6. Qb3 Nb6 7. d4 Be6 8.
Qd1 Bg7 9. e3 O-O 10. Be2 Bc4 11. Bxc4 Nxc4 12. O-O Nd6 13. Qe2 Qe8 14. Rd1 e5
15. d5 e4 16. dxc6 exf3 17. Qxf3 Qxc6 18. Qxc6 bxc6 19. Na4 Rfd8 20. Kf1 Nc4 21.
Rxd8+ Rxd8 22. Ke2 Rb8 23. a3 Rb5 24. Ra2 Nb6 25. Nxb6 cxb6 26. b4 a5 27. Bd2
axb4 28. axb4 Bf8 29. Ra8 f5 30. Kd3 Rd5+ 31. Kc2 Kf7 32. Rb8 Rb5 33. Rc8 Bxb4
34. Bxb4 Rxb4 35. Rxc6 h5 36. g3 h4 37. Kc3 Ra4 38. Rxb6 hxg3 39. hxg3 g5 40.
Kd2 Ra2+ 41. Ke1 g4 42. Rd6 Rb2 43. Rd2 Rb1+ 44. Ke2 Kf6 45. Kd3 Ra1 46. Kc4
Ra4+ 47. Kb3 Ra8 48. Rd4 Kg5 49. Kc4 Ra2 50. Rf4 Rd2 51. Kc3 Ra2 52. Kd3 Rb2 53.
e4 fxe4+ 54. Kxe4 Rb4+ 55. Ke5 Rb5+ 56. Ke6 Rb6+ 57. Kd5 Rb5+ 58. Kc4 Re5 59.
Kd3 Re8 60. Re4 Rf8 61. Re5+ Kg6 62. Ke2 Rf7 63. Re8 Rf6 64. Rg8+ Kh5 65. Kf1
Rf7 66. Kg2 Rf6 67. Kf1 Rf7 68. Kg1 Rf6 69. f4 gxf3 70. g4+ Kh6 71. g5+ Kh7 72.
gxf6 Kxg8 73. Kf2 Kf7 74. Kxf3 Kxf6 1/2-1/2

[Event "Levitov Chess Week Rapid"]
[Site "Amsterdam NED"]
[Date "2019.08.04"]
[Round "2.2"]
[White "Gelfand, Boris"]
[Black "Grischuk, Alexander"]
[Result "1/2-1/2"]
[WhiteTitle "GM"]
[BlackTitle "GM"]
[WhiteElo "2686"]
[BlackElo "2759"]
[WhiteFideId "2805677"]
[BlackFideId "4126025"]
[EventDate "2019.08.04"]

1. d4 Nf6 2. Nf3 e6 3. c4 Bb4+ 4. Nbd2 O-O 5. a3 Be7 6. e4 d6 7. Be2 Nfd7 8. b4
e5 9. d5 a5 10. Bb2 axb4 11. axb4 Rxa1 12. Qxa1 c5 13. dxc6 Nxc6 14. Bc3 Nb6 15.
O-O Be6 16. b5 Nb8 17. c5 dxc5 18. Nxe5 Bf6 19. Rd1 N8d7 20. Nxd7 Bxc3 21. Qxc3
Nxd7 22. f4 Qe7 23. Nc4 Bxc4 24. Bxc4 Nb6 25. Bf1 Qc7 26. Qe3 c4 27. g3 g6 28.
Rc1 Rc8 29. Rc2 Qc5 1/2-1/2

[Event "Levitov Chess Week Rapid"]
[Site "Amsterdam NED"]
[Date "2019.08.04"]
[Round "2.4"]
[White "Giri, Anish"]
[Black "Kramnik, Vladimir"]
[Result "1/2-1/2"]
[WhiteTitle "GM"]
[BlackTitle "GM"]
[WhiteElo "2779"]
[BlackElo "2753"]
[WhiteFideId "24116068"]
[BlackFideId "4101588"]
[EventDate "2019.08.04"]

1. d4 Nf6 2. c4 e6 3. Nf3 b6 4. g3 Bb7 5. Bg2 Be7 6. O-O O-O 7. Re1 Qc8 8. Nc3
Ne4 9. Bd2 d6 10. d5 Nxd2 11. Qxd2 e5 12. e4 a5 13. h4 Na6 14. Kh2 Nc5 15. Bh3
Qd8 16. b3 Bc8 17. Qe2 g6 18. Bxc8 Rxc8 19. h5 Qd7 20. Kg2 Qg4 21. Rh1 gxh5 22.
Nd2 Qxe2 23. Nxe2 Bg5 24. f4 exf4 25. gxf4 Bf6 26. Rag1 h4 27. Kf3+ Kh8 28. Kg4
Rg8+ 29. Kf5 Be7 30. e5 Rg6 31. Nf3 Rcg8 32. Rxg6 fxg6+ 33. Kg4 Nd3 34. Rf1 Rf8
35. exd6 h5+ 36. Kh3 Bxd6 37. Nxh4 Kh7 38. f5 g5 39. Ng6 Re8 40. Nd4 Re3+ 41.
Kg2 Rg3+ 42. Kh1 Rh3+ 43. Kg2 Rh2+ 44. Kf3 g4+ 45. Ke3 Ne5 46. Nxe5 Bxe5 47. Ne6
Bf6 48. Nxc7 h4 49. d6 Bg5+ 50. Ke4 Re2+ 51. Kd5 g3 52. Ne6 Bf6 53. Rg1 Rf2 54.
Ke4 Rd2 55. Nf4 Rd4+ 56. Kf3 Rxd6 57. Nd5 Kg7 58. Kg2 Kh6 59. Re1 Kg5 60. Re6
Rxe6 61. fxe6 Kf5 62. e7 Bxe7 63. Nxe7+ Kg4 64. Nc6 h3+ 65. Kg1 Kf3 66. Nd4+ Ke3
67. Ne6 Kf3 68. Ng5+ Kg4 69. Ne6 Kf5 70. Nd4+ Ke4 71. Ne6 Kf5 72. Nd4+ Kf4 73.
a3 Ke4 74. Ne6 Kd3 75. c5 bxc5 76. Nxc5+ Kc3 77. b4 axb4 78. axb4 1/2-1/2

[Event "Levitov Chess Week Rapid"]
[Site "Amsterdam NED"]
[Date "2019.08.05"]
[Round "3.1"]
[White "Svidler, Peter"]
[Black "Giri, Anish"]
[Result "1/2-1/2"]
[WhiteTitle "GM"]
[BlackTitle "GM"]
[WhiteElo "2729"]
[BlackElo "2779"]
[WhiteFideId "4102142"]
[BlackFideId "24116068"]
[EventDate "2019.08.04"]

1. c4 e5 2. g3 Nf6 3. Bg2 d5 4. cxd5 Nxd5 5. Nf3 Nc6 6. O-O Nb6 7. d3 Be7 8.
Nbd2 O-O 9. b3 Be6 10. Bb2 f6 11. Rc1 Qd7 12. d4 exd4 13. Rxc6 bxc6 14. Nxd4 Nd5
15. Nc4 Rad8 16. Na5 c5 17. Ndc6 Rde8 18. Nxa7 f5 19. N7c6 Bf6 20. Ne5 Bxe5 21.
Bxe5 f4 22. Nb7 Qc6 23. Na5 Qd7 24. Nb7 Qc6 25. Na5 1/2-1/2

[Event "Levitov Chess Week Rapid"]
[Site "Amsterdam NED"]
[Date "2019.08.05"]
[Round "3.2"]
[White "Grischuk, Alexander"]
[Black "Bareev, Evgeny"]
[Result "1-0"]
[WhiteTitle "GM"]
[BlackTitle "GM"]
[WhiteElo "2759"]
[BlackElo "2643"]
[WhiteFideId "4126025"]
[BlackFideId "4100140"]
[EventDate "2019.08.04"]

1. e4 c6 2. d4 d5 3. e5 Bf5 4. Nf3 e6 5. Be2 Nd7 6. O-O Bg6 7. Nbd2 Be7 8. a4
Nh6 9. Nb3 Nf5 10. g4 Nh4 11. Nxh4 Bxh4 12. f4 f5 13. Bd3 Qe7 14. gxf5 exf5 15.
Qf3 Qe6 16. a5 O-O 17. Be3 b5 18. Kh1 Kh8 19. Rg1 a6 20. Rg2 Be8 21. Nd2 Be7 22.
Rag1 g6 23. Qh3 c5 24. Nf3 c4 25. Be2 Nb8 26. Qh6 Rg8 27. Ng5 Bxg5 28. Rxg5 Nc6
29. Bf2 Ra7 30. R5g2 Rf7 31. h4 Rfg7 32. h5 Nd8 33. Qg5 Qd7 34. Qf6 1-0

[Event "Levitov Chess Week Rapid"]
[Site "Amsterdam NED"]
[Date "2019.08.05"]
[Round "3.4"]
[White "Kramnik, Vladimir"]
[Black "Nepomniachtchi, Ian"]
[Result "0-1"]
[WhiteTitle "GM"]
[BlackTitle "GM"]
[WhiteElo "2753"]
[BlackElo "2774"]
[WhiteFideId "4101588"]
[BlackFideId "4168119"]
[EventDate "2019.08.04"]

1. Nf3 d5 2. d4 Bf5 3. c4 e6 4. Nc3 Nc6 5. cxd5 exd5 6. Bf4 Bd6 7. Bg3 Nf6 8. e3
Ne7 9. Bh4 Ne4 10. Bd3 c6 11. Qc2 Qa5 12. Bxe7 Bxe7 13. O-O Nxc3 14. Bxf5 Nb5
15. Ne5 Qc7 16. Bxh7 Bf6 17. f4 O-O-O 18. Bd3 Nd6 19. Rac1 Kb8 20. b4 Qe7 21. a4
Rc8 22. Qb3 Bxe5 23. dxe5 f6 24. Qc3 Nf7 25. Bf5 Rc7 26. exf6 gxf6 27. Rf3 Nd6
28. Bd3 Rd8 29. Qd4 Ne4 30. Rh3 a5 31. bxa5 c5 32. Qb2 c4 33. Bxe4 dxe4 34. Rh5
c3 35. Rxc3 Rd1+ 36. Kf2 Qd8 37. Kg3 Rd2 38. Qb3 Rg7+ 39. Kh3 Rgxg2 40. Qf7 f5 0-1

[Event "Levitov Chess Week Rapid"]
[Site "Amsterdam NED"]
[Date "2019.08.05"]
[Round "4.1"]
[White "Svidler, Peter"]
[Black "Grischuk, Alexander"]
[Result "0-1"]
[WhiteTitle "GM"]
[BlackTitle "GM"]
[WhiteElo "2729"]
[BlackElo "2759"]
[WhiteFideId "4102142"]
[BlackFideId "4126025"]
[EventDate "2019.08.04"]

1. e4 c5 2. Nf3 Nc6 3. d4 cxd4 4. Nxd4 Nf6 5. Nc3 e5 6. Ndb5 d6 7. Nd5 Nxd5 8.
exd5 Nb8 9. a4 Be7 10. Be2 O-O 11. O-O Nd7 12. Bd2 a6 13. Na3 a5 14. c3 f5 15.
b4 f4 16. Nc4 b6 17. Re1 Kh8 18. Rb1 Ba6 19. Bf1 Nf6 20. bxa5 bxa5 21. Nb6 Bxf1
22. Nxa8 Bd3 23. Nb6 Bxb1 24. Qxb1 Qc7 25. c4 Qc5 26. Qb5 Qd4 27. Bxa5 f3 28.
gxf3 Ng4 29. Rf1 Nxh2 30. Kxh2 Qh4+ 31. Kg2 Qg5+ 32. Kh1 Rf4 33. Qe8+ Bf8 0-1

[Event "Levitov Chess Week Rapid"]
[Site "Amsterdam NED"]
[Date "2019.08.05"]
[Round "4.2"]
[White "Giri, Anish"]
[Black "Bareev, Evgeny"]
[Result "1-0"]
[WhiteTitle "GM"]
[BlackTitle "GM"]
[WhiteElo "2779"]
[BlackElo "2643"]
[WhiteFideId "24116068"]
[BlackFideId "4100140"]
[EventDate "2019.08.04"]

1. e4 e6 2. d4 d5 3. Nc3 dxe4 4. Nxe4 Bd7 5. Nf3 Bc6 6. Bd3 Nd7 7. O-O Ngf6 8.
Ng3 Bxf3 9. Qxf3 c6 10. b3 a5 11. a3 g6 12. Bb2 Bg7 13. Rfe1 O-O 14. Rad1 Re8
15. c4 Qc7 16. Bb1 Rad8 17. Nf1 b5 18. Ne3 bxc4 19. bxc4 e5 20. d5 Nc5 21. Qe2
Rb8 22. d6 Qb6 23. Bc3 Qb3 24. Bxa5 Qxa3 25. Bc7 Rb2 26. Rd2 Rxd2 27. Qxd2 Nfd7
28. Nc2 Qa6 29. Nb4 Qxc4 30. Nxc6 Ra8 31. Na5 Qd4 32. Qc1 e4 33. Nc6 Qc3 34.
Ne7+ Kf8 35. Nd5 Qxc1 36. Rxc1 Ra1 37. Rd1 f5 38. Kf1 Be5 39. g3 Kf7 40. Nb4 Ne6
41. Nc6 Nd4 42. Nxe5+ Nxe5 43. Kg2 Ke6 44. h3 Nb5 45. Bc2 Rxd1 46. Bxd1 Kd7 47.
Ba4 Kc6 48. g4 f4 49. Bd8 Kc5 50. Bf6 Nd7 51. Bg5 f3+ 52. Kg3 Kb4 53. Bc2 Nxd6
54. Be7 Kc3 55. Bb1 Nc8 56. Ba3 Nf6 57. Kf4 Nb6 58. Bxe4 Nbd5+ 59. Kxf3 Kc4 60.
Bc2 Nd7 61. Ke4 Nc3+ 62. Kf4 h6 63. Bxg6 1-0

[Event "Levitov Chess Week Rapid"]
[Site "Amsterdam NED"]
[Date "2019.08.05"]
[Round "4.4"]
[White "Gelfand, Boris"]
[Black "Nepomniachtchi, Ian"]
[Result "1/2-1/2"]
[WhiteTitle "GM"]
[BlackTitle "GM"]
[WhiteElo "2686"]
[BlackElo "2774"]
[WhiteFideId "2805677"]
[BlackFideId "4168119"]
[EventDate "2019.08.04"]

1. Nf3 c5 2. c4 Nc6 3. Nc3 Nf6 4. g3 d5 5. d4 e6 6. cxd5 Nxd5 7. Bg2 cxd4 8.
Nxd4 Nxc3 9. bxc3 Nxd4 10. Qxd4 Qxd4 11. cxd4 Bb4+ 12. Bd2 Bxd2+ 13. Kxd2 Rb8
14. Rhc1 Kd8 15. Rc3 Re8 16. Rac1 Re7 17. Be4 h6 18. h4 b6 19. g4 Bb7 20. Ke3
Rc8 21. Rxc8+ Bxc8 22. g5 Rc7 23. gxh6 gxh6 24. Rxc7 Kxc7 25. Kf4 Kd6 26. Bd3
Ke7 27. e4 Bd7 28. e5 b5 29. a3 a5 30. Ke3 f6 31. f4 Be8 32. Kd2 1/2-1/2

[Event "Levitov Chess Week Rapid"]
[Site "Amsterdam NED"]
[Date "2019.08.05"]
[Round "5.1"]
[White "Grischuk, Alexander"]
[Black "Giri, Anish"]
[Result "1/2-1/2"]
[WhiteTitle "GM"]
[BlackTitle "GM"]
[WhiteElo "2759"]
[BlackElo "2779"]
[WhiteFideId "4126025"]
[BlackFideId "24116068"]
[EventDate "2019.08.04"]

1. e4 e5 2. Nf3 Nc6 3. Bb5 Nf6 4. d3 Bc5 5. Ba4 O-O 6. O-O d6 7. c3 Ne7 8. Bc2
Ng6 9. d4 Bb6 10. a4 c6 11. dxe5 Nxe5 12. Nxe5 dxe5 13. Qxd8 Rxd8 14. a5 Bc5 15.
Nd2 Be6 16. Re1 h6 17. h3 b5 18. Nb3 Bxb3 19. Bxb3 Nh5 20. Bc2 a6 21. Kf1 Rd6
22. Ke2 Rf6 23. Rf1 Nf4+ 24. Bxf4 Rxf4 25. Rad1 Kf8 26. Rd7 Ke8 27. Rc7 Rf6 28.
Bb3 Ra7 29. Rc8+ Kd7 30. Rg8 g5 31. Rd1+ Ke7 32. f3 Bd6 33. c4 Bc7 34. Ra1 Rb7
35. c5 Rb8 36. Rxb8 Bxb8 37. Ba2 Rg6 1/2-1/2

[Event "Levitov Chess Week Rapid"]
[Site "Amsterdam NED"]
[Date "2019.08.05"]
[Round "5.2"]
[White "Bareev, Evgeny"]
[Black "Svidler, Peter"]
[Result "1/2-1/2"]
[WhiteTitle "GM"]
[BlackTitle "GM"]
[WhiteElo "2643"]
[BlackElo "2729"]
[WhiteFideId "4100140"]
[BlackFideId "4102142"]
[EventDate "2019.08.04"]

1. d4 Nf6 2. c3 e6 3. Bg5 h6 4. Bh4 c5 5. e3 b6 6. Bd3 Bb7 7. Nf3 Be7 8. Nbd2
O-O 9. O-O cxd4 10. exd4 d6 11. Re1 Nbd7 12. a4 a6 13. h3 Nh5 14. Bxe7 Qxe7 15.
Be4 Ndf6 16. Bxb7 Qxb7 17. g3 b5 18. Qb3 Qc6 19. Ra2 Nd5 20. Rea1 Rab8 21. axb5
axb5 22. Ra6 Rb6 23. Rxb6 Qxb6 24. Qa2 Nhf6 25. Qa6 Rb8 26. Qxb6 Nxb6 27. b3 Rc8
28. Ra6 Nfd5 29. c4 bxc4 30. bxc4 Nxc4 31. Nxc4 Rxc4 32. Rxd6 g5 1/2-1/2

[Event "Levitov Chess Week Rapid"]
[Site "Amsterdam NED"]
[Date "2019.08.05"]
[Round "5.3"]
[White "Kramnik, Vladimir"]
[Black "Gelfand, Boris"]
[Result "0-1"]
[WhiteTitle "GM"]
[BlackTitle "GM"]
[WhiteElo "2753"]
[BlackElo "2686"]
[WhiteFideId "4101588"]
[BlackFideId "2805677"]
[EventDate "2019.08.04"]

1. c4 c5 2. g3 g6 3. Bg2 Bg7 4. Nc3 Nc6 5. h4 Nf6 6. a3 O-O 7. d3 b6 8. Rb1 Bb7
9. b4 d6 10. Nh3 Qd7 11. Nf4 Ne5 12. Kf1 e6 13. h5 Rad8 14. bxc5 dxc5 15. hxg6
hxg6 16. Qe1 Nc6 17. f3 Nd4 18. g4 e5 19. Nh3 Nxf3 20. exf3 Qxd3+ 21. Kg1 e4 22.
Nf2 Qxc4 23. Ncxe4 Nxe4 24. fxe4 Qa2 25. Be3 Qxa3 26. g5 Bc8 27. Bh3 Bd4 28.
Bxd4 Qg3+ 29. Kf1 Ba6+ 0-1

[Event "Levitov Chess Week Rapid"]
[Site "Amsterdam NED"]
[Date "2019.08.05"]
[Round "5.4"]
[White "Nepomniachtchi, Ian"]
[Black "Anand, Viswanathan"]
[Result "1-0"]
[WhiteTitle "GM"]
[BlackTitle "GM"]
[WhiteElo "2774"]
[BlackElo "2756"]
[WhiteFideId "4168119"]
[BlackFideId "5000017"]
[EventDate "2019.08.04"]

1. c4 e5 2. Nc3 Bb4 3. Nd5 Be7 4. d4 exd4 5. Qxd4 Nf6 6. Nxe7 Qxe7 7. Bg5 Nc6 8.
Qc3 Ne5 9. Nf3 d6 10. Nxe5 Qxe5 11. Qxe5+ dxe5 12. g3 Be6 13. b3 Ne4 14. Be3
O-O-O 15. Bg2 f5 16. f3 Nf6 17. Bd2 e4 18. O-O-O Rhf8 19. Bc3 Rxd1+ 20. Rxd1 g6
21. Kd2 Bd7 22. Ke3 exf3 23. exf3 Nh5 24. Kf2 Bc6 25. Bf1 Nf6 26. b4 b6 27. Re1
Kd7 28. b5 Bb7 29. a4 a6 30. c5 axb5 31. Bxb5+ c6 32. Bc4 bxc5 33. Rb1 Ba8 34.
Bxf6 1-0

[Event "Levitov Chess Week Rapid"]
[Site "Amsterdam NED"]
[Date "2019.08.06"]
[Round "6.1"]
[White "Svidler, Peter"]
[Black "Kramnik, Vladimir"]
[Result "0-1"]
[WhiteTitle "GM"]
[BlackTitle "GM"]
[WhiteElo "2729"]
[BlackElo "2753"]
[WhiteFideId "4102142"]
[BlackFideId "4101588"]
[EventDate "2019.08.04"]

1. c4 e6 2. Nf3 Nf6 3. b3 b6 4. Bb2 Bb7 5. e3 Be7 6. d4 O-O 7. Bd3 c5 8. O-O
cxd4 9. exd4 d5 10. Nc3 dxc4 11. bxc4 Nc6 12. Rc1 Rc8 13. Qe2 Nb4 14. Bb1 Bxf3
15. gxf3 Nh5 16. a3 Bd6 17. f4 Qh4 18. f3 Nxf4 19. Qd2 Nbd3 0-1

[Event "Levitov Chess Week Rapid"]
[Site "Amsterdam NED"]
[Date "2019.08.06"]
[Round "6.2"]
[White "Grischuk, Alexander"]
[Black "Anand, Viswanathan"]
[Result "1-0"]
[WhiteTitle "GM"]
[BlackTitle "GM"]
[WhiteElo "2759"]
[BlackElo "2756"]
[WhiteFideId "4126025"]
[BlackFideId "5000017"]
[EventDate "2019.08.04"]

1. Nf3 d5 2. d3 Nc6 3. Bf4 e6 4. e3 Bd6 5. d4 Bxf4 6. exf4 Qd6 7. Qd2 Nf6 8. c3
Ne4 9. Qe3 Ne7 10. Bd3 Nf5 11. Qc1 c5 12. dxc5 Nxc5 13. Bxf5 exf5 14. O-O O-O
15. Rd1 Ne6 16. g3 Bd7 17. Na3 Rac8 18. Nc2 Ba4 19. Rd2 g6 20. Ne3 Bc6 21. Qc2
Rfd8 22. Rad1 Nc5 23. c4 Ne4 24. Rd4 Qf6 25. Nxd5 Bxd5 26. Rxd5 Rxd5 27. Rxd5
Qc6 28. Rd3 b5 29. Ne5 Qe6 30. Qd1 bxc4 31. Rd8+ Rxd8 32. Qxd8+ Kg7 33. Qd4 Qd6
34. Qxc4 f6 35. Nd3 Nd2 36. Qb5 Nf3+ 37. Kg2 Qxd3 38. Qb7+ Kh6 39. Qxf3 Qc2 40.
Qb7 a5 41. h3 a4 42. Qb4 Qc6+ 43. Kg1 Qc1+ 44. Kg2 Qc6+ 45. Kg1 Qc1+ 46. Kh2 Qc2
47. Qd4 Kg7 48. Qa7+ Kh6 49. Qd4 Kg7 50. Qb6 h5 51. h4 Qd2 52. Qb7+ Kh6 53. Kg2
Qc2 54. b3 1-0

[Event "Levitov Chess Week Rapid"]
[Site "Amsterdam NED"]
[Date "2019.08.06"]
[Round "6.3"]
[White "Bareev, Evgeny"]
[Black "Gelfand, Boris"]
[Result "1-0"]
[WhiteTitle "GM"]
[BlackTitle "GM"]
[WhiteElo "2643"]
[BlackElo "2686"]
[WhiteFideId "4100140"]
[BlackFideId "2805677"]
[EventDate "2019.08.04"]

1. d4 Nf6 2. c4 e6 3. Nf3 b6 4. Nc3 Bb7 5. Bf4 Be7 6. e3 Nh5 7. Bg3 d6 8. d5 e5
9. Nd2 g6 10. Be2 Nxg3 11. hxg3 Nd7 12. g4 Bf6 13. Qc2 Bg7 14. O-O-O a6 15. Rh3
Qe7 16. Kb1 O-O-O 17. e4 Kb8 18. b4 Nf6 19. Nb3 Bc8 20. Rg3 h5 21. g5 Nd7 22. c5
dxc5 23. d6 cxd6 24. Nd5 Qe6 25. b5 Bb7 26. bxa6 Bxd5 27. Rxd5 Ka7 28. Bc4 Qe7
29. a4 Nb8 30. Bb5 h4 31. Rgd3 Qxg5 32. a5 Bf8 33. axb6+ Kxb6 34. Nxc5 Ka7 35.
Nb7 Qe7 36. Nxd8 Qxd8 37. Qc5+ Qb6 38. Qxb6+ Kxb6 39. Rb3 Ka7 40. Bc4 1-0

[Event "Levitov Chess Week Rapid"]
[Site "Amsterdam NED"]
[Date "2019.08.06"]
[Round "6.4"]
[White "Giri, Anish"]
[Black "Nepomniachtchi, Ian"]
[Result "1-0"]
[WhiteTitle "GM"]
[BlackTitle "GM"]
[WhiteElo "2779"]
[BlackElo "2774"]
[WhiteFideId "24116068"]
[BlackFideId "4168119"]
[EventDate "2019.08.04"]

1. e4 c6 2. Nf3 d5 3. d3 dxe4 4. dxe4 Qxd1+ 5. Kxd1 Nf6 6. Nfd2 Ng4 7. Ke1 e5 8.
Nc4 b5 9. Ne3 Bc5 10. Nxg4 Bxg4 11. a4 b4 12. a5 Nd7 13. Bc4 Ke7 14. Nd2 Bd6 15.
f3 Be6 16. Bxe6 Kxe6 17. Nc4 Rab8 18. Ke2 Bc5 19. Rd1 f6 20. Be3 Bxe3 21. Kxe3
Ke7 22. Rd6 Rhc8 23. Rad1 Nc5 24. g3 Rc7 25. f4 exf4+ 26. gxf4 Rb5 27. Rg1 g6
28. f5 b3 29. c3 Kf7 30. e5 fxe5 31. fxg6+ Kg7 32. gxh7+ Kxh7 33. Rdg6 Rb8 34.
R6g5 Kh8 35. Rxe5 Na4 36. Ra1 Nxc3 37. bxc3 Rh7 38. Kd4 Rxh2 39. Rb1 Rh3 40. Nd6
Rd8 41. Re8+ 1-0

[Event "Levitov Chess Week Rapid"]
[Site "Amsterdam NED"]
[Date "2019.08.06"]
[Round "7.1"]
[White "Anand, Viswanathan"]
[Black "Svidler, Peter"]
[Result "0-1"]
[WhiteTitle "GM"]
[BlackTitle "GM"]
[WhiteElo "2756"]
[BlackElo "2729"]
[WhiteFideId "5000017"]
[BlackFideId "4102142"]
[EventDate "2019.08.04"]

1. e4 c5 2. Nf3 d6 3. d4 cxd4 4. Nxd4 Nf6 5. Nc3 a6 6. Nb3 e6 7. g4 b5 8. a3 Bb7
9. Bg2 Nfd7 10. g5 Nc6 11. h4 Rc8 12. f4 h6 13. Be3 hxg5 14. hxg5 Rxh1+ 15. Bxh1
Nb6 16. Qe2 Nc4 17. O-O-O Qc7 18. Bf2 g6 19. e5 dxe5 20. Ne4 Be7 21. Bc5 Nd4 22.
Nxd4 exd4 23. Bxe7 Kxe7 0-1

[Event "Levitov Chess Week Rapid"]
[Site "Amsterdam NED"]
[Date "2019.08.06"]
[Round "7.2"]
[White "Kramnik, Vladimir"]
[Black "Grischuk, Alexander"]
[Result "0-1"]
[WhiteTitle "GM"]
[BlackTitle "GM"]
[WhiteElo "2753"]
[BlackElo "2759"]
[WhiteFideId "4101588"]
[BlackFideId "4126025"]
[EventDate "2019.08.04"]

1. c4 e5 2. Nc3 Nf6 3. Nf3 Nc6 4. d3 d5 5. cxd5 Nxd5 6. e4 Nf6 7. Be2 Bc5 8. Be3
Bb6 9. h3 Nh5 10. Qd2 Bxe3 11. fxe3 Ng3 12. Rg1 O-O 13. Bd1 Be6 14. Ba4 Nb4 15.
Kf2 Nh5 16. g4 Nxd3+ 17. Ke2 Nhf4+ 18. exf4 Nxf4+ 19. Ke1 Qe7 20. Qe3 Rad8 21.
Rd1 Nxh3 22. Rg3 Nf4 23. a3 c6 24. Bc2 b5 25. Kf2 f6 26. Ne2 g5 27. Qc3 a5 28.
b4 axb4 29. axb4 Rxd1 30. Bxd1 c5 31. Nxf4 cxb4 32. Qb2 Qc5+ 33. Kg2 exf4 34.
Nd4 Qe5 35. Qxb4 Bc4 36. Nc6 Qxe4+ 37. Bf3 Qc2+ 38. Kh3 fxg3 39. Ne7+ Kf7 40.
Kxg3 Qb3 41. Qe1 Re8 42. Qh1 Kxe7 0-1

[Event "Levitov Chess Week Rapid"]
[Site "Amsterdam NED"]
[Date "2019.08.06"]
[Round "7.3"]
[White "Nepomniachtchi, Ian"]
[Black "Bareev, Evgeny"]
[Result "1-0"]
[WhiteTitle "GM"]
[BlackTitle "GM"]
[WhiteElo "2774"]
[BlackElo "2643"]
[WhiteFideId "4168119"]
[BlackFideId "4100140"]
[EventDate "2019.08.04"]

1. c4 e6 2. Nf3 d5 3. e3 Nf6 4. Nc3 a6 5. b3 c5 6. Bb2 Nc6 7. cxd5 exd5 8. d4
Bd6 9. Be2 O-O 10. O-O cxd4 11. Nxd4 Re8 12. Bf3 Ne5 13. Bxd5 Neg4 14. Nf3 Nxh2
15. Nxh2 Bxh2+ 16. Kxh2 Ng4+ 17. Kg3 Qd6+ 18. Kf3 Qh6 19. Qd4 Qh5 20. Rh1 1-0